Una biblioteca que invita a la lectura (Record no. 63307)

MARC details
000 -CABECERA
campo de control de longitud fija 00619nam a2200241 a 4500
005 - FECHA Y HORA DE LA ÚLTIMA TRANSACCIÓN
campo de control 20210219152908.0
008 - ELEMENTOS DE LONGITUD FIJA--INFORMACIÓN GENERAL
campo de control de longitud fija 991125n 000 0 spa u
035 ## - NÚMERO DE CONTROL DEL SISTEMA
Número de control de sistema UPN01000066116
100 1# - ASIENTO PRINCIPAL--NOMBRE PERSONAL
Nombre de persona Rodríguez, Antonio
222 ## - TÍTULO CLAVE
Título clave COMUNICACION EDUCATIVA SEP
245 ## - MENCIÓN DE TÍTULO
Título Una biblioteca que invita a la lectura
260 ## - PUBLICACIÓN, DISTRIBUCIÓN, ETC.
Lugar de publicación, distribución, etc. México
300 ## - DESCRIPCIÓN FÍSICA
Extensión 8-9
362 0# - FECHAS DE PUBLICACIÓN Y/O DESIGNACIÓN SECUENCIAL
Fecha de publicación y/o designación secuencial 1984 Año 1, No. 12, abr.
653 0# - TERMINO DE INDIZACION - NO CONTROLADO
Término no controlado BIBLIOTECAS
653 0# - TERMINO DE INDIZACION - NO CONTROLADO
Término no controlado BIBLIOTECAS UNIVERSITARIAS
653 0# - TERMINO DE INDIZACION - NO CONTROLADO
Término no controlado LECTURA
653 0# - TERMINO DE INDIZACION - NO CONTROLADO
Término no controlado MEXICO
653 0# - TERMINO DE INDIZACION - NO CONTROLADO
Término no controlado SERVICIOS BIBLIOTECARIOS
653 0# - TERMINO DE INDIZACION - NO CONTROLADO
Término no controlado UAM
904 ## - ELEMENTOS DE DATOS D LOCAL, LDD (RLIN)
a AC
b 003927
905 ## - TIPO DE MATERIAL
Tipo de material Articulo

No items available.